ग्रंथवर्गीकरणाची कोलन पध्दति (Record no. 1223039)

MARC details
000 -LEADER
fixed length control field 00808nam a2200193Ia 4500
008 - FIXED-LENGTH DATA ELEMENTS--GENERAL INFORMATION
fixed length control field 151121s9999||||xx |||||||||||||| ||und||
082 ## - DEWEY DECIMAL CLASSIFICATION NUMBER
Classification number 025/कोल्हट
082 ## - DEWEY DECIMAL CLASSIFICATION NUMBER
Item number HNW-26392
100 ## - MAIN ENTRY--PERSONAL NAME
Personal name कोल्हटकर वा।पु।
245 ## - TITLE STATEMENT
Title ग्रंथवर्गीकरणाची कोलन पध्दति
260 ## - PUBLICATION, DISTRIBUTION, ETC. (IMPRINT)
Name of publisher, distributor, etc "महाराष्ट्र ग्रंथालय संघ, पुणे।"
260 ## - PUBLICATION, DISTRIBUTION, ETC. (IMPRINT)
Date of publication, distribution, etc --
300 ## - PHYSICAL DESCRIPTION
Extent 24
600 ## - SUBJECT ADDED ENTRY--PERSONAL NAME
Personal name कोल्हटकर वा।पु।
630 ## - SUBJECT ADDED ENTRY--UNIFORM TITLE
Uniform title ग्रंथवर्गीकरणाची कोलन पध्दति
700 ## - ADDED ENTRY--PERSONAL NAME
Personal name कोल्हटकर वा।पु।
730 ## - ADDED ENTRY--UNIFORM TITLE
Uniform title ग्रंथवर्गीकरणाची कोलन पध्दति
942 ## - ADDED ENTRY ELEMENTS (KOHA)
Koha item type Book
Holdings
Withdrawn status Lost status Damaged status Not for loan Home library Current library Date acquired Cost, normal purchase price Total Checkouts Full call number Barcode Date last seen Cost, replacement price Price effective from Koha item type
        Hirachand Nemchand Wachanalaya, Solapur Hirachand Nemchand Wachanalaya, Solapur 11/21/2015 26.00   HNW-26392 HNW-26392 11/21/2015 26.00 11/21/2015 Book